00506nam a2200193 a 450000100060000000300090000600800410001502000150005604000280007108200150009910000210011424500290013526000330016430000110019749000340020865000230024265000250026565000220029018903CO-ViMGA141112s2004 ck r 000 u spa d a9586071758 aCO-ViMGAbspacCO-ViMGA04a796.1 V4531 aVillegas, Victor10a200 juegos y dinámicas aBogotá : bSan Pablo; 2003 a157 p. aColección Dinámica Grupal14aDINAMICAS DE GRUPO14aJUEGOS DE RECREACION14aJUEGOS INFANTILES